Manažéri svojim fondom veria peňažné podielové fondy začínajú odznova

Bibliographic Details
Main Authors: Kubinec, Matej (Author), Škriniar, Pavel, 1979- (Author)
Format: Article
Language:Slovak
PhysicalDescription:Graf, tab.
ISSN:1335-8235
Subjects:

MARC

LEADER 00000nab a2200000 a 4500
001 vtls009487888
003 SK-MaSNL
005 20260304150854.0
008 250506c2009 xo mr|p|||||||000 b|slo
015 |a SNBRB2009/03  |2 snkbucl 
035 |a (uuid)de4ae857-67b1-4404-892b-75d06ed72511 
035 |a urn:nbn:sk:snk-ab1gs2 
035 |a (urnnbn)urn:nbn:sk:snk:ar-003od9 
038 |a SNKBUCL 
040 |a SNKBUCL  |b slo  |c SNKBUCL  |e AACR2 
041 0 |a slo 
044 |a xo  |c SK 
080 |a 336.714:336.767  |x (100)  |x (437.6)  |2 2001 
100 1 |a Kubinec, Matej  |4 aut  |9 1041010 
245 1 0 |a Manažéri svojim fondom veria  |b peňažné podielové fondy začínajú odznova  |c Matej Kubinec, Pavel Škriniar 
300 |b Graf, tab. 
650 0 7 |a peňažné fondy  |2 snkbucl  |9 1038579 
700 1 |a Škriniar, Pavel,  |d 1979-  |4 aut  |9 217125 
773 0 |t Investor  |g Roč. X., február (2009), s. 18-19  |x 1335-8235 
850 |a Slovenská národná knižnica 
852 |a Slovenská národná knižnica 
954 |a odborná, vedecká literatúra pôvodná (slovenská)  |2 lita 
958 |a article2022 
958 |a SK 
958 |a OND 
958 |a EUIPO 
999 |c 2940134  |d 2942064